00442nam a2200157Ia 450000500170000000800410001702000180005804000130007608200160008910000200010524500460012526000570017130000160022854600120024465000280025620250618113525.0231207s9999 xx 000 0 und d a9780485120707 cPK-LaNCA a791.43bDEL aDeleuze, Gilles 0aCinema 2 : the time imagecGilles Deleuze bThe University of Minnesota PressaMinneapolisc1997 axviii, 344p aEnglish aCinema, Motion pictures